| 000 | 00620nam a2200217 i 4500 | ||
|---|---|---|---|
| 003 | DO-SdBNP | ||
| 005 | 20230515153223.0 | ||
| 007 | ta | ||
| 008 | 230515b1933 dr ||||| |||| 00| 0 spa d | ||
| 040 |
_aDO-SdBNP _bspa _cBNPHU _erda |
||
| 082 | 4 | _222 | |
| 245 | 0 | 0 | _aEnsayo acerca del problema de la determinación y cálculo de los beneficios |
| 264 |
_aSanto Domingo : _bs.n., _c1933. |
||
| 300 |
_a13 páginas _e19 cm. |
||
| 336 |
_2rdacontent _atexto _btx |
||
| 337 |
_2rdamedia _asin mediación _bn |
||
| 338 |
_2rdacarrier _avolumen _bnc |
||
| 590 | _aInventariado, 2023/BT | ||
| 910 | _aBtavárez | ||
| 942 |
_2ddc _cLF2 |
||
| 999 |
_c53518 _d53518 |
||